| 000 | 01459cam a22003375i 4500 | ||
|---|---|---|---|
| 999 |
_c28396 _d28367 |
||
| 001 | 19287266 | ||
| 003 | EG-ScBUE | ||
| 005 | 20200322133809.0 | ||
| 008 | 160923r20192017enk f bd 001 0 eng d | ||
| 020 | _a9781107535398 (pbk.) | ||
| 040 |
_aDLC _beng _erda _cDLC _dDLC _dEG-ScBUE |
||
| 082 | 0 | 4 |
_a658.408 _bCOR _223 |
| 245 | 0 | 0 |
_aCorporate social responsibility : _bstrategy, communication, governance / _cAndreas Rasche, Copenhagen Business School, Mette Morsing, Copenhagen Business School and Stockholm School of Economics, Jeremy Moon, Copenhagen Business School. |
| 250 | _aFourth printing. | ||
| 264 | 1 |
_aCambridge, United Kingdom ; _aNew York : _bCambridge University Press, _c2019. |
|
| 300 |
_axxxvii, 529 pages ; _c25 cm |
||
| 336 |
_atext _btxt _2rdacontent |
||
| 337 |
_aunmediated _bn _2rdamedia |
||
| 338 |
_avolume _bnc _2rdacarrier |
||
| 500 | _aIncludes glossary. | ||
| 504 | _aIncludes bibliographical references and indexes. | ||
| 650 | 7 |
_aSocial responsibility of business. _2BUEsh |
|
| 650 | 7 |
_aCorporate governance. _2BUEsh |
|
| 653 |
_bCOMAME _cMarch2020 |
||
| 655 |
_vText book _933728 |
||
| 700 | 1 |
_aRasche, Andreas, _eeditor. |
|
| 700 | 1 |
_aMorsing, Mette, _eeditor. |
|
| 700 | 1 |
_aMoon, Jeremy, _d1955- _eeditor. _93948 |
|
| 856 | 4 | 2 |
_3Online resources _uhttps://www.cambridge.org/eg/academic/subjects/management/business-ethics/corporate-social-responsibility-strategy-communication-governance?format=PB#resources |
| 942 |
_2ddc _cBB |
||